Musaei Grammatici de Herone Et Leandro Carmen Cum Conjecturis Ineditis Petri Francii, Ex Recensione Johannis Schraderi, Qui Variantes Lectiones, Notars, Et Animadversionum Librum Adiecit

Bibliographic Details
Main Author: Musaeus Grammaticus (Author)
Corporate Author: Dessel, Tobias van (Holandsko, Leeuwarden) (Printer)
Other Authors: Dessel, Tobias van (Printer), Schrader, Johann (Author of introduction, etc.), Francius, Petrus 1645-1704 (Commentator for written text)
Format: Book
Language:Latin
PhysicalDescription:12 nečíslovaných strán, 374 strán, 15 nečíslovaných listov 20 cm
Subjects:

MARC

LEADER 00000nam a2200000 4500
001 vtls011915761
003 SK-MaSNL
005 20260301225320.0
008 200206t1742 ne | r 001 0 lat
015 |a SNBHFA1742 
040 |a SNKHF  |b slo  |c SNK  |e rda 
041 |a lat  |b gre 
044 |a ne  |c NL 
072 7 |a 808  |x Literárny štýl. Literárna činnosť a technika. Efektívne využívanie jazyka. Spisovateľská činnosť  |2 konspekt 
080 |a 808.5  |2 2011 
100 0 |a Musaeus Grammaticus  |4 aut  |9 466539 
245 1 0 |a Musaei Grammatici de Herone Et Leandro Carmen  |b Cum Conjecturis Ineditis Petri Francii, Ex Recensione Johannis Schraderi, Qui Variantes Lectiones, Notars, Et Animadversionum Librum Adiecit 
246 3 0 |a Herone Et Leandro Carmen 
264 3 |a Leovardiae  |b Excudit Tobias Van Dessel  |c CIƆ IƆ CC XLII (1742) 
300 |a 12 nečíslovaných strán, 374 strán, 15 nečíslovaných listov  |c 20 cm 
336 |a text  |b txt  |2 rdacontent 
337 |a bez média  |b n  |2 rdamedia 
338 |a zväzok  |b nc  |2 rdacarier 
500 |a Signet na titulnom liste, kustody, marginálie, iniciálky s ornamentálnym pozadím na 4 riadky, koncová vineta 
504 |a Vysvetlivky a komentáre pod textom 
504 |a Obsahuje abecedný názvový register 
546 |a Latinský preklad gréckeho textu zrkadlovo na protiľahlej strane 
562 |a Rukopisné poznámky na predsádke.  |5 SNK IC 145019 
563 |a Väzba pôvodná, pergamenová.  |5 SNK IC 145019 
650 0 7 |a rétorika  |2 SNKPH  |9 989 
700 1 |a Dessel, Tobias van  |4 prt  |9 618727 
700 1 |a Schrader, Johann  |4 aui  |4 red  |9 618728 
700 1 |a Francius, Petrus  |d 1645-1704  |4 cwt  |4 red  |9 618729 
710 1 |a Dessel, Tobias van (Holandsko, Leeuwarden)  |4 prt  |9 618730 
752 |a Holandsko  |d Leeuwarden 
852 |a snk  |b Aponiovská knižnica  |p IC 145019 
958 |a DD 
999 |c 950447  |d 952377 
952 |t Op. I/47  |a SNK  |b SNK  |c SNK_HF  |y PREZ  |7 0  |p 17A1392861  |o snkIC 145019  |i snk2020/2635  |8 5  |0 0  |1 0  |4 0  |d 2020-02-06  |l 0  |r 2026-02-24 09:46:43  |w 2026-02-24